000 00253cam a2200109ua 4500
999 _c12919
_d12919
082 _a658.5
_bSHA/PR
100 _aSharma, V.L .
_93246
245 _aProduction management
260 _aJaipur :
_bABD Publishers ,
_c2001.
300 _a ; .
942 _cBK